Manual de valoración de la salud en enfermería / (Registro nro. 21830)

Detalles MARC
000 -LEADER
fixed length control field 02786nam a22002417a 4500
001 - CONTROL NUMBER
control field 021645
003 - CONTROL NUMBER IDENTIFIER
control field DO-CoUTE
005 - DATE AND TIME OF LATEST TRANSACTION
control field 20260204212651.0
008 - FIXED-LENGTH DATA ELEMENTS--GENERAL INFORMATION
fixed length control field 220818b dr ||||| |||| 00| 0 spa d
020 ## - INTERNATIONAL STANDARD BOOK NUMBER
International Standard Book Number 978-84-17370-21-3
040 ## - CATALOGING SOURCE
Original cataloging agency DO-CoUTE
Language of cataloging spa
Transcribing agency DO-CoUTE
082 ## - DEWEY DECIMAL CLASSIFICATION NUMBER
Edition number 22
Classification number 616.075
Item number W373m 2018
100 1# - MAIN ENTRY--PERSONAL NAME
Personal name Weber, Janet R.
Relator term autor
245 1# - TITLE STATEMENT
Title Manual de valoración de la salud en enfermería /
Statement of responsibility, etc. Janet R. Weber ; traductor Néstor Zumaya Cárdenas
250 ## - EDITION STATEMENT
Edition statement novena edición
260 ## - PUBLICATION, DISTRIBUTION, ETC.
Place of publication, distribution, etc. Barcelona, España :
Name of publisher, distributor, etc. Wolters Kluwer,
Date of publication, distribution, etc. 2018
300 ## - PHYSICAL DESCRIPTION
Extent xiii, 848 páginas :
Other physical details Imágenes ;
Dimensions 12cm.
504 ## - BIBLIOGRAPHY, ETC. NOTE
Bibliography, etc. note Incluye referencias bibliográficas e índice
520 ## - SUMMARY, ETC.
Summary, etc. Guía paso a paso que demuestra claramente el "qué", el "porqué" y el "cómo" de cada fase del proceso de valoración de la salud por parte de profesionales de enfermería. En un formato portátil y apaisado, es un manual ideal tanto para estudiantes como para profesionales en ejercicio. Ya en su 9.ª edición, es una referencia y guía muy reconocida por su perspectiva holística y su formato a tres columnas, que conduce a los estudiantes a través de cada etapa de la valoración de la salud tanto en adultos como en poblaciones especiales.<br/><br/><br/>Organizado en cuatro unidades correlacionadas, el manual proporciona todo lo necesario para realizar con confianza una variedad de procedimientos de valoración comunes.<br/><br/>La Unidad 1 contiene tres capítulos que se centran en la recopilación y el análisis de datos de enfermería (antecedentes de salud, interrogatorios, técnicas y habilidades necesarias para la exploración física, y análisis de los datos recopilados)<br/><br/>La Unidad 2, que contiene los capítulos 4 a 9, se enfoca en la valoración de la salud de un modo holístico: valoración del nivel de desarrollo, estado mental, riesgo de abuso de sustancias, estado general de salud general, signos vitales (con evaluación del dolor), reconocimiento de víctimas potenciales de violencia, estado nutricional…<br/><br/>La Unidad 3 se centra en la valoración física de la salud. Se presenta después de la Unidad 2 porque esta valoración puede verse afectada por las valoraciones anteriores (y viceversa). Cada capítulo de esta unidad contiene: descripción de la anatomía y fisiología relevantes, ilustraciones anatómicas o de procesos fisiológicos, preguntas para recopilar datos subjetivos específicos del sistema corporal que se evalúa, factores de riesgo relacionados con el contenido del capítulo, equipo necesario para el examen, preparación del paciente para cada valoración física, y procedimiento de valoración propiamente dicho en un formato a tres columnas.<br/>
650 #7 - SUBJECT ADDED ENTRY--TOPICAL TERM
Topical term or geographic name entry element enfermería
700 1# - ADDED ENTRY--PERSONAL NAME
Personal name Zumaya Cárdenas, Néstor
Relator term traductor
942 ## - ADDED ENTRY ELEMENTS (KOHA)
Source of classification or shelving scheme Dewey Decimal Classification
Koha item type Libros
Existencias
Withdrawn status Lost status Source of classification or shelving scheme Damaged status Not for loan Collection code Home library Current library Shelving location Date acquired Inventory number Total Checkouts Full call number Barcode Date last seen Copy number Price effective from Koha item type
    Dewey Decimal Classification     Colección General Biblioteca UTECO Biblioteca UTECO En Estantería 08/18/2022 021645   616.075 W373m 2018 021645 08/18/2022 Ej.1 08/18/2022 Libros
© 2021 Derechos Reservados UTECO - Teléfono: +1 809-585-2291 - Correo electrónico: biblioteca@uteco.edu.do​  
Código postal 43000 ​​
Dirección: Avenida Universitaria No. 100, 
Cotuí, Provincia Sánchez Ramírez, República Dominicana - RNC: 404-00059-6